Le più grandi città della Francia • A-Z - Statistics

Statistiche generali
  • Questo quiz è stato fatto 129 volte
  • Il punteggio medio è 9 su 22
Statistiche sulle risposte
# ~Pop. Città francese % Corretto
P 2,220,000 Parigi
98%
L 507,000 Lione
95%
M 858,000 Marsiglia
93%
N 344,000 Nizza
86%
B 247,000 Bordeaux
82%
T 466,000 Tolosa
82%
S 276,000 Strasburgo
69%
R 213,000 Rennes
58%
D 154,000 Digione
45%
G 161,000 Grenoble
43%
O 115,000 Orléans
33%
A 151,000 Angers
25%
C 141,000 Clermont-Ferrand
19%
V 149,000 Villeurbanne
8%
Q 57,000 Quimper
6%
H 57,000 Hyères
4%
F 84,000 Fort-de-France
3%
E 55,000 Epinay-sur-Seine
2%
I 67,000 Issy-les-Moulineaux
2%
W 41,000 Wattrelos
2%
K 25,708 Kourou
1%
J 36,548 Joué-lès-Tours
0%
Nessun quiz corrispondente trovato
Distribuzione punteggi
Percentuale di utenti per punteggio
Percentile per numero di risposta
I tuoi punteggi nel tempo
Non hai fatto questo quiz